| 000 | 01323nam a2200337 i 4500 | ||
|---|---|---|---|
| 001 | 179098 | ||
| 003 | ES-MaACL | ||
| 005 | 20250901043410.0 | ||
| 008 | 110908s2010 sp e |||| |dspa d | ||
| 020 | _a978-84-460-2283-1 | ||
| 080 | _a32-055.2(4)"14/19" | ||
| 080 | _a32-055.2(7)"18/19" | ||
| 080 | _a342.7-055.2 | ||
| 245 | 0 | 0 |
_aEnciclopedia histórica y política de las mujeres _b: Europa y América / _cpublicado bajo la dirección de Christine Fauré (dir.) ; traducción de Marisa Pérez Colina. |
| 260 |
_aTres Cantos, Madrid : _bAkal, _c[2010] |
||
| 300 |
_a943 p. ; _c25 cm. |
||
| 490 | 1 |
_aAkal/diccionarios ; _v50 |
|
| 500 | _aÍndice onomástico. | ||
| 504 | _aReferencias bibliográficas. | ||
| 505 | 8 | _aContiene: 1. En el umbral de la modernidad, ¿ pueden gobernar las mujeres? - 2. La era de las revoluciones - 3. Luchas por la democracia | |
| 650 | 7 |
_aMujeres en la política _2embne _9146203 |
|
| 650 | 0 | 4 |
_aMujeres- _xDerechos _915263 |
| 650 | 0 | 7 |
_aFeminismo _2embne _912744 |
| 700 | 1 |
_aFauré, Christine. _9147863 |
|
| 700 | 1 |
_aPérez Colina, Marisa. _990735 |
|
| 830 | 0 | 0 |
_aAkal/Diccionarios _v50 _9180610 |
| 852 |
_aES-MaACL _9185970 _bR.145939 _jA-11488 _dOlim: N-4492 _cDEPO1 |
||
| 942 |
_2udc _cMONOGRAFIA |
||
| 999 |
_c179098 _d179098 |
||